| 000 | 00680nam a22002057a 4500 | ||
|---|---|---|---|
| 008 | 081212t xxu||||| |||| 00| 0 eng d | ||
| 010 | _aENG-92159 | ||
| 020 |
_c250.00 _a9788189975425 |
||
| 035 | _aEN-75692 | ||
| 037 | _bDBAD / PUB | ||
| 040 |
_adpl _bEnglish |
||
| 082 | _a881 | ||
| 100 | _aThayil, Jeet | ||
| 245 |
_aThese errors are correct / _cby Jeet Thayil |
||
| 260 |
_aNew Delhi _bWestland Books _c2008 |
||
| 300 |
_aix, 124p. _c20cm (pbk) |
||
| 650 | _aEnglish poetry. | ||
| 942 |
_2ddc _cEN _mTHA _h881 |
||
| 999 |
_c19762 _d19762 |
||